000 00825nam a2200313Ia 4500
001 76634
003 IT-RoPAU
008 130308s9999 xx 000 0 und d
040 _aIT-RoPAU
040 _cIT-RoPAU
041 _aITALIANO
100 _aCapitani Laura
100 _gCodice Aut. SPICS: 26893
245 _aConservatorio di S. Cecilia (Il)
245 _bLazio-L'Organizzazione Musicale
250 _a2a ed.
260 _aROMA
260 _bCidim
260 _c1988 [1° Ed.:1985 - Ed.Ling.Originale:1985]
300 _a"14 p. (prefazione: no ; testo: 14 [pagine: 185-198])"
650 _aSTORIA NAZIONALE DELLA MUSICA
650 _eCodice materia Spics: 7009
700 _aDè Stefani Lia
700 _gCodice Aut. SPICS: 26917
942 _cBK
957 _71
999 _c59203
_d59203
999 _bSI
999 _g1